00605cam a22002171a 4500001001300000003000400013005001700017008004100034010001700075035002000092040002200112042001200134050002000146100002600166245006900192260004500261300002100306546001300327500003000340999001700370sa 65006922 DLC20260227112146.0891003s1964 ii 000 0 urdo  asa 65006922  a(OCoLC)20434605 aDLCcWaUdWUdDLC apremarc00aPK2200.M322bM30 aMajaāz,d1911-1955.10aMajāz aur uskī shāʻirī / [murattib] Parkāsh Panḍit. aDihlī :bStār Pablikeshanz,c[1964?] a131 p. ;c17 cm. aIn Urdu. aText partially vocalized. c64938d64938